000 00521nam a2200181Ia 4500
008 090124s9999 xx 000 0 und d
082 _b100816
100 _aफाटक ग. कृ.
245 _a देशाचे ज्ञानदिप
250 _a1
260 _c1928
300 _a92
600 _aफाटक ग. कृ.
630 _a देशाचे ज्ञानदिप
700 _aफाटक ग. कृ.
730 _a देशाचे ज्ञानदिप
942 _cBOOK
999 _c146908
_d146908